000 00358nam a22001457a 4500
003 SGT
082 _a616.024
_bV23K
100 _aKAUSHIK, RITU
245 _aVITAMIN D LEVELS AND ITS CORRELATION WITH HbA1C IN TYPE 2 DIABETES MELLITUS
260 _aGURUGRAM
_bSGT UNIVERSITY
_c2023
300 _a66
650 _aMEDICINE
653 _aM.D
942 _2ddc
_cTH
999 _c26590
_d26590